000 00344nam a22001217a 4500
082 _a220 PRO
100 _aKHAWAR,ARSLAN,LIAQUAT
_972373
245 _aPR-SOF-1061-SOLDIER TRAINING SIMULATOR USING AUGMENTED REALITY
260 _aISLAMABAD
_bNUST COLLEGE OF EME
_c2011
650 _aDE-COMP-29
700 _a,DR SHOAB A KHAN
_918474
942 _cCR
999 _c578432
_d578432